|
|
|
|
| LEADER |
00000cam a2200000 4500 |
| 001 |
vtls011899600 |
| 003 |
SK-MaSNL |
| 005 |
20260325145222.0 |
| 008 |
210202s2019 pl o grf 000 0 pol |
| 015 |
|
|
|a SNBZSA2020/02
|
| 020 |
|
|
|a 9788380599888
|q (viazané)
|
| 035 |
|
|
|a B08A06F1-1BCF-4D95-AA22-200627E0FAE3
|
| 035 |
|
|
|a urn:nbn:sk:snk-am3ifyy
|
| 035 |
|
|
|a urn:nbn:sk:snk-am00e8u9
|
| 040 |
|
|
|a SNK
|b slo
|c SNK
|e rda
|
| 041 |
0 |
|
|a pol
|
| 043 |
|
|
|a e-pl---
|
| 044 |
|
|
|a pl
|c PL
|
| 072 |
|
7 |
|a 904
|x Kultúrne pamiatky historického obdobia všeobecne
|2 konspekt
|
| 072 |
|
7 |
|a 72
|x Architektúra
|2 konspekt
|
| 080 |
|
|
|a 904
|2 2011
|
| 080 |
|
|
|a 502.21(1-751.4)
|2 2011
|
| 080 |
|
|
|a 728.81
|2 2011
|
| 080 |
|
|
|a 728.82
|2 2011
|
| 080 |
|
|
|a 27-52:904
|2 2011
|
| 080 |
|
|
|a (438)
|2 2011
|
| 080 |
|
|
|a (036)913
|2 2011
|
| 080 |
|
|
|a (084.11)
|2 2011
|
| 245 |
0 |
0 |
|a Cuda Polski
|b najpiękniejsze miejsca w Polsce
|c Marzena, Michał i Jacek Bronowscy
|
| 250 |
|
|
|a Wydanie 1
|
| 264 |
|
1 |
|a Warszawa
|b Wydawnictwo SBM
|c 2019
|
| 300 |
|
|
|a 159 strán
|b fotografie
|c 29 cm
|
| 336 |
|
|
|a text
|b txt
|2 rdacontent
|
| 336 |
|
|
|a statický obraz
|b sti
|2 rdacontent
|
| 337 |
|
|
|a bez média
|b n
|2 rdamedia
|
| 338 |
|
|
|a zväzok
|b nc
|2 rdacarrier
|
| 650 |
0 |
7 |
|a kultúrne pamiatky
|2 SNKPH
|9 2862
|
| 650 |
0 |
7 |
|a prírodné pamiatky
|2 SNKPH
|9 3807
|
| 650 |
0 |
7 |
|a hrady
|2 SNKPH
|9 3039
|
| 650 |
0 |
7 |
|a zámky
|2 SNKPH
|9 3041
|
| 650 |
0 |
7 |
|a Cultural monuments
|2 SNKPHeng
|9 266481
|
| 650 |
0 |
7 |
|a Natural monuments
|2 SNKPHeng
|9 267900
|
| 650 |
0 |
7 |
|a Castles
|2 SNKPHeng
|9 265903
|
| 650 |
0 |
7 |
|a Chateaux
|2 SNKPHeng
|9 311377
|
| 650 |
0 |
7 |
|a cirkevné pamiatky
|2 SNKPH
|9 29576
|
| 650 |
0 |
7 |
|a Church antiquities
|2 SNKPHeng
|9 276118
|
| 651 |
|
7 |
|a Poľsko
|2 SNKPHgeo
|9 16755
|
| 651 |
|
7 |
|a Poland
|2 SNKPHeng
|9 265193
|
| 655 |
|
7 |
|a turistickí sprievodcovia (publikácie)
|2 SNKPH
|9 191298
|
| 655 |
|
7 |
|a obrazové publikácie
|2 SNKPH
|9 70343
|
| 655 |
|
7 |
|a Tourist guidebooks
|2 SNKPHeng
|9 291226
|
| 655 |
|
7 |
|a Pictorial works
|2 SNKPHeng
|9 284468
|
| 700 |
1 |
|
|a Bronowska, Marzena
|4 pht
|9 360831
|
| 700 |
1 |
|
|a Bronowski, Michał
|4 pht
|9 360832
|
| 700 |
1 |
|
|a Bronowski, Jacek
|4 pht
|9 360833
|
| 752 |
|
|
|a Poľsko
|d Varšava
|
| 919 |
|
|
|a 978-83-8059-988-8
|
| 958 |
|
|
|a ZS
|
| 958 |
|
|
|a PL
|
| 999 |
|
|
|c 605437
|d 607367
|
| 952 |
|
|
|a SNK
|b SNK
|y PREZ
|7 0
|p 17A1392478
|o snkSB 94834
|i snk2019/29124
|8 3
|g 27.50
|0 0
|1 0
|4 0
|d 2019-11-12
|f 1
|l 0
|r 2025-05-15 00:00:00
|w 2026-02-23
|